| 000 | 00852cam a2200205 a 4500 | ||
|---|---|---|---|
| 999 |
_c58247 _d58247 |
||
| 001 | 15186197 | ||
| 005 | 20211007112058.0 | ||
| 008 | 080220s2008 nyua b 001 0 eng | ||
| 020 | _a9780807748787 | ||
| 041 | _aeng | ||
| 080 | _a378.1 R-84 | ||
| 100 | 1 |
_aRovai, Alfred P. _912601 |
|
| 245 | 1 | 0 |
_aDistance learning in higher education : _ba programmatic approach to planning, design, instruction, evaluation, and accreditation / _cAlfred P. Rovai, Michael K. Ponton, Jason D. Baker. |
| 264 |
_aNew York : _bTeachers College Press, _c2008. |
||
| 300 |
_a212 p. : _bill. ; _c24 cm. |
||
| 653 | _aდისტანციური სწავლება უმაღლეს განათლებაში | ||
| 700 | 1 |
_aPonton, Michael K. _eავტორი _912602 |
|
| 700 | 1 |
_aBaker, Jason D. _eავტორი _912603 |
|
| 942 |
_2udc _cBK |
||